| 000 | 01384nam a2200361 i 4500 | ||
|---|---|---|---|
| 001 | 200463320 | ||
| 003 | TR-AnTOB | ||
| 005 | 20250117141327.0 | ||
| 007 | ta | ||
| 008 | 250117s2024 tu b 000 0 tur d | ||
| 020 |
_a9786254329104 _q(paperback) |
||
| 035 | _a(TR-AnTOB)200463320 | ||
| 040 |
_aTR-AnTOB _beng _erda _cTR-AnTOB |
||
| 041 | 0 | _atur | |
| 050 | 4 |
_aKKX926.2.F8 _bY55354 2024 |
|
| 090 |
_aKKX926.2.F8 _bY55354 2024 |
||
| 100 | 1 |
_aYıldırım, Renas _eauthor _9147900 |
|
| 245 | 1 | 0 |
_aSermaye piyasası hukukunda yöneticilerin türev araçlar ile ilgili hukuki işlemlerden yatırımcıya karşı sorumluluğunun doğduğu haller / _cAv. Dr. Renas Yıldırım. |
| 250 | _a1. baskı. | ||
| 264 | 1 |
_aİstanbul : _bOn İki Levha Yayıncılık, _c2024. |
|
| 300 |
_axxxii, 543 pages ; _c24 cm |
||
| 336 |
_atext _btxt _2rdacontent |
||
| 337 |
_aunmediated _bn _2rdamedia |
||
| 338 |
_avolume _bnc _2rdacarrier |
||
| 490 | 0 |
_aİstanbul Üniversitesi Hukuk Fakültesi Özel Hukuk Doktora Tezleri Dizisi ; _v49 |
|
| 500 | _a"yayın no: 2579" Page facing title page. | ||
| 504 | _aBIB | ||
| 650 | 7 |
_aTürev araçlar _xHukuk ve mevzuat _zTürkiye _2etuturkob _9147901 |
|
| 650 | 0 |
_aSermaye piyasası _xHukuk ve mevzuat _zTürkiye _951280 |
|
| 650 | 7 |
_aYöneticiler _xHukuki durum, kanunlar, vb. _zTürkiye _2etuturkob _9147902 |
|
| 942 |
_2lcc _cBK |
||
| 999 |
_c200463320 _d81532 |
||